Statistics for Latin American Ethnicities That Exceed One Million in the US

Click here to take the quiz!

General Stats

  • This quiz has been taken 211 times
  • The average score is 7 of 7

Answer Stats

CountryPopulation in USA% Correct
Mexico35,709,528
99%
Cuba2,158,962
98%
Colombia1,123,443
96%
Brazil1,100,000
94%
Guatemala1,375,273
93%
El Salvador2,127,293
90%
Dominican Republic1,879,477
87%

Score Distribution

Percentile by Number Answered

Percent of People with Each Score

Your Score History

You have not taken this quiz